LEADER 01307nam a2200277 a 4500 001 000000155805 003 CaOOAMICUS 005 20161104095400.0 008 161104s1990 it u000 u ita r 032 $aLibriCat 040 $aPUL$bita 100 1 $aPotente, Antonietta.$0(OLS)http://pul/name/85210 245 13$aLa diakonia: cooperazione della storia alla riconciliazione compiuta da Dio Trinità /$cAntonietta Potente. 260 $aTorino :$b[s.n.],$c1990. 300 $a303 p. ;$c21 cm. 500 $aIn testa al front.: Pontificia Studiorum Universitas a S. Thoma Aq. in Urbe. 502 $aTesi -- Pontificiam Universitatem S. Thomae de Urbe, Facultate S. Theologiae, 1990. 504 $aBibliografia in nota. 650 4$aDio (teologia).$0(OLS)http://pul/subject/11917 710 2 $aPontificia Università S. Tommaso.$bFacoltà di teologia.$kTesi.$0(OLS)http://pul/name/81834 850 $aPUL 852 $aPUL$W1$xDP1 Tesi Pon. Univ. S. Tommaso$y44$mTH S.THOM TH774$j178948$qTesi$B182124$CPULBib$Z2$F182124 $H65019 $81 941 1 $a16 996 $6245$aLa diakonia: cooperazione della storia alla riconciliazione compiuta da Dio Trinità$9(OLS)http://pul/title/195462 996 $6260$aTorino :$b[s.n.]$9(OLS)http://pul/publisher/50621 LEADER 01380nam a2200313 u 4500 001 000000048153 003 CaOOAMICUS 005 20070226114952.0 008 000407s2000 it u000 u ita u 020 $a8885876455 035 $a10845278 040 $aPUL$bita$dBAV$dIAR 100 1 $aMarangon, Paolo,$d1960-$0(OLS)http://pul/name/34958 245 13$aIl risorgimento della Chiesa :$bgenesi e ricezione delle "Cinque piaghe" di A. Rosmini /$cPaolo Marangon. 260 $aRoma :$bHerder,$c2000. 300 $axiii, 451 p. ;$c24 cm 490 1 $aItalia sacra ;$v63 500 $aContiene indici. 504 $a"Fonti e bibliografia": p. 415-440. 600 14$aRosmini Serbati, Antonio,$cI.D.C.,$d1797-1855$tCinque piaghe della Santa Chiesa.$0(OLS)http://pul/subject/20307 650 4$aCattolicesimo$zItalia$xStoria.$0(OLS)http://pul/subject/14369 830 0$aItalia sacra ;$v63.$0(OLS)http://pul/title/344 850 $aPUL 852 $aPUL$W1$xSL Filosofia 1$y2$m99 G 63$j64232$nBK-PRI$b $qStampati$B64232$CPULBib$Z2$F64232 $H $81 941 1 $a8 961 $aINV: 81408 996 $6020$a8885876455$9(OLS)http://pul/number/60450 996 $6245$aIl risorgimento della Chiesa :$bgenesi e ricezione delle "Cinque piaghe" di A. Rosmini$9(OLS)http://pul/title/64837 996 $6260$aRoma :$bHerder$9(OLS)http://pul/publisher/47913 LEADER 01801nam a2200361 u 4500 001 000000051029 003 CaOOAMICUS 005 20070226115306.0 008 000906s1987 it u000 u ita u 035 $a10854769 040 $aPUL(R)$bita 041 0 $aita$apol 100 1 $aKonieczny, Jerzy.$0(OLS)http://pul/name/6068 245 10$aDizionario polacco-italiano del codice civile polacco /$cJerzy Konieczny ; traduzioni della Scuola di Specializzazione in diritto civile dell'Università di Camerino a cura di Pietro Perlingeri. 260 $aNapoli :$bEdizioni scientifiche italiane,$c1987. 300 $a177 p. ;$c25 cm 502 $aDiss. -- Istituto Utriusque Iuris. Pontificia Università Lateranense. 504 $aComprende indicazioni bibliografiche. 650 4$aDiritto civile$zPolonia.$0(OLS)http://pul/subject/5470 650 4$aDiritto civile$xDizionari.$0(OLS)http://pul/subject/5471 650 4$aLingua polacca$xDizionari$xItaliano.$0(OLS)http://pul/subject/21440 651 4$aPolonia$xDiritto civile.$0(OLS)http://pul/subject/5472 700 1 $aPerlingieri, Pietro,$d1937-$0(OLS)http://pul/name/29045 710 2 $aPontificia Università Lateranense.$0(OLS)http://pul/name/287 710 2 $aUniversità degli studi di Camerino.$0(OLS)http://pul/name/36672 850 $aPUL 852 $aPUL$W1$xDP1 Fondo Ciprotti$y59$m1536 B 20$j67642$nBK-PRI$b $qFondi$B67642$CPULBib$Z2$F67642 $H $81 910 $aPontificio Ateneo Lateranense$9287 910 $aPontificio Ateneo Lateranense$9287 941 1 $a1 961 $aINV: 993 F. Ciprotti 996 $6245$aDizionario polacco-italiano del codice civile polacco$9(OLS)http://pul/title/8689 996 $6260$aNapoli :$bEdizioni scientifiche italiane$9(OLS)http://pul/publisher/48388